Wadswort philosophers series on Socrates (Record no. 16942)
[ view plain ]
| 000 -LEADER | |
|---|---|
| fixed length control field | 00443nam a22001697a 4500 |
| 008 - FIXED-LENGTH DATA ELEMENTS--GENERAL INFORMATION | |
| fixed length control field | 180709b xxu||||| |||| 00| 0 eng d |
| 020 ## - INTERNATIONAL STANDARD BOOK NUMBER | |
| International Standard Book Number | 0534576044 |
| 040 ## - CATALOGING SOURCE | |
| Original cataloging agency | KABU |
| Transcribing agency | KABU |
| 050 ## - LIBRARY OF CONGRESS CALL NUMBER | |
| Classification number | B317 |
| Item number | .M39 c. 1 |
| 100 ## - MAIN ENTRY--PERSONAL NAME | |
| Personal name | May, Hope |
| 245 ## - TITLE STATEMENT | |
| Title | Wadswort philosophers series on Socrates |
| Statement of responsibility, etc. | Hope May |
| 246 ## - VARYING FORM OF TITLE | |
| Title proper/short title | On Socrates |
| 260 ## - PUBLICATION, DISTRIBUTION, ETC. (IMPRINT) | |
| Place of publication, distribution, etc. | Australia |
| Name of publisher, distributor, etc. | Wadsworth |
| Date of publication, distribution, etc. | 2000 |
| 300 ## - PHYSICAL DESCRIPTION | |
| Extent | 92 p. |
| 650 ## - SUBJECT ADDED ENTRY--TOPICAL TERM | |
| Topical term or geographic name as entry element | Socrates |
| 942 ## - ADDED ENTRY ELEMENTS (KOHA) | |
| Source of classification or shelving scheme | Library of Congress Classification |
| Koha item type | General Collection |
| Classification part | B317 |
| Withdrawn status | Lost status | Source of classification or shelving scheme | Not for loan | Home library | Current library | Date acquired | Total Checkouts | Full call number | Barcode | Date last seen | Copy number | Price effective from | Koha item type |
|---|---|---|---|---|---|---|---|---|---|---|---|---|---|
| Library of Congress Classification | Kabarak, Main Campus | Kabarak, Main Campus | 09/07/2018 | B317 .M39 c. 1 | 025301 | 09/07/2018 | c. 1 | 09/07/2018 | General Collection |